El montañismo: una actividad al aire libre, para la Provincia de Osorno

Uloženo v:
Podrobná bibliografie
Hlavní autoři: Caucamán Rosas, Freddy Leonardo (Autor), Manríquez Castruccio, Juan Osvaldo (Autor)
Médium: Kniha
Jazyk:španělština
Vydáno: Osorno Club de Montaña Sur Andino 2008
Vydání:1a. ed
Témata:
Tagy: Přidat tag
Žádné tagy, Buďte první, kdo vytvoří štítek k tomuto záznamu!

MARC

LEADER 00000nam a2200000 a 4500
001 UCH9570
003 CL-VaPUC
008 100114e20080000CL |||||||||||||||||spa|d
020 |a 9789563197075 
082 0 4 |a 796.522  |b CAU  |2 21 
100 0 |a Caucamán Rosas, Freddy Leonardo  |e author  |9 546732 
700 0 |a Manríquez Castruccio, Juan Osvaldo  |e author  |9 546733 
245 1 3 |a El montañismo: una actividad al aire libre, para la Provincia de Osorno 
250 |a 1a. ed 
300 |a 114 p 
942 |c BK 
945 |d 20100114 00:00:00  |a cmena 
260 |a Osorno  |b Club de Montaña Sur Andino  |c 2008 
650 7 |a MONTAÑISMO  |2 CL-VaPUC  |9 384709 
650 7 |a DEPORTES AL AIRE LIBRE  |2 CL-VaPUC  |9 546734 
650 7 |a EQUIPAMIENTO  |2 CL-VaPUC  |9 372898 
650 0 |a Medidas de seguridad  |9 264085 
650 0 |a Turismo  |9 308920 
651 0 |a Osorno  |9 268936 
583 |a last modification  |c 20100114 00:00:00  |k Rodrigo Vera 
999 |c 339491  |d 339489 
952 |0 0  |1 0  |4 0  |6 796_522000000000000_CAU_2008  |7 0  |8 C  |9 433176  |a BIBCUR  |b BIBCUR  |d 2019-11-22  |i 460282K  |o 796.522 CAU 2008  |p 460282K  |r 2025-04-22  |w 2019-11-22  |y BK  |k DEN